000 00299nam a2200157Ia 4500
100 _aISTE
650 _aGeneral
942 _cBK
654 _ahandbook
245 _aISTE Handbook 2003-04
260 _bAICTE
_c2003
082 _a11.7
_bIST
300 _a446
546 _aENGLISH
999 _c30473
_d30473